000 00901nam a2200265Ia 4500
003 OSt
005 20220923231000.0
006 a|||||r|||| 00| 0
007 ta
008 220922b |||||||| |||| 00| 0 pan d
020 _c250
024 _a336,052
037 _b233, 17/03/2018, National Book Shop
_cTextual
040 _aARTS
_cARTS
_bpan
041 _2pan
_apan
082 _aO153,3NGU2x, Q7
100 _aਗੁਜਰਾਲ;, ਤਾਰਨ, ਂਚ.
245 0 _aਅਟਾਰੀ ਬਗ਼ਾਰ
260 _aਚੰਡੀਗੜ
_b ਲੋਕਗੀਤ ਪ੍ਰਕਾFਨ
_c2017
300 _a96ਪ0
_ccm.
650 _a ਪੰਜਾਬੀ ਕਹਾਣੀ
650 _aਪੰਜਾਾਬੀ ਸਾਹਿਤ
_9156350
942 _hO153,3NGU2x, Q7
_cTEXL
_2CC
999 _c388589
_d388589